Cambios en el estilo nacional de desarrollo y promoción del sector turístico en Costa Rica /
En este artículo se analiza la promoción de la actividad turística en Costa Rica en el marco del cambio de estilo nacional de desarrollo que los gobiernos del país han implementado paulatinamente desde 1980. Se retoma la discusión acerca del papel del Estado en la dinamización del turismo, y de los...
Guardat en:
| Autor principal: | |
|---|---|
| Format: | Text |
| Matèries: | |
| Etiquetes: |
Afegir etiqueta
Sense etiquetes, Sigues el primer a etiquetar aquest registre!
|
MARC
| LEADER | 00000 a a2200000 04500 | ||
|---|---|---|---|
| 001 | 42267 | ||
| 003 | |||
| 040 | |||
| 100 | |a Morales Zúñiga, Luis Carlos | ||
| 245 | |a Cambios en el estilo nacional de desarrollo y promoción del sector turístico en Costa Rica / |c Luis Carlos Morales Zúñiga | ||
| 520 | |a En este artículo se analiza la promoción de la actividad turística en Costa Rica en el marco del cambio de estilo nacional de desarrollo que los gobiernos del país han implementado paulatinamente desde 1980. Se retoma la discusión acerca del papel del Estado en la dinamización del turismo, y de los mecanismos mediante los cuales el Estado ha beneficiado al sector turístico nacional. | ||
| 590 | |a RRH/MAYO2012 | ||
| 650 | |a TURISMO | ||
| 650 | |a DESARROLLO ECONOMICO | ||
| 650 | |a ESTADO | ||
| 650 | |a POLITICA FISCAL | ||
| 773 | |g volumen28, número2 (2010), páginas 295-309 : tablas | ||
| 999 | |c 20237 |d 20237 | ||
